Piłkarz do kraju #7 - Statystyki

Ogólne statystyki
  • Ten quiz został rozwiązany 787 razy
  • Średni wynik to 15 z 18
Statystyki odpowiedzi
Piłkarz Kraj % Poprawnych
Heungmin Son Korea Poludniowa
96%
Pele Brazylia
94%
Manuel Neuer Niemcy
94%
Sebastian Szymański Polska
94%
Harry Kane Wielka Brytania
94%
Kevin De Bruyne Belgia
93%
Olivier Giroud Francja
93%
David Villa Hiszpania
89%
Paolo Maldini Wlochy
89%
James Rodriguez Kolumbia
87%
Diego Costa Hiszpania
85%
Eusébio Portugalia
83%
Aleksandar Mitrović Serbia
81%
Jay-Jay Okocha Nigeria
75%
Marcos Acuña Argentyna
71%
Szabolcs Huszti Wegry
69%
Davor Šuker Chorwacja
64%
Fakhreddine Ben Youssef Tunezja
33%
Nie znaleziono quizów pasujących do podanych kryteriów
Rozkład punktacji
Procent ludzi z każdym wynikiem
Percentyl według liczby udzielonych odpowiedzi
Twoja historia wyników
Nie rozwiązałeś tego quizu